| 000 | 00842nac a22002171u 4500 | ||
|---|---|---|---|
| 010 | _a 2006041654 | ||
| 020 | _a1405823933 | ||
| 082 | 0 | 0 |
_a342.410 _bH6751 |
| 090 |
_c2622 _d2622 |
||
| 100 | _aHoffman, David, | ||
| 245 | 1 | 0 |
_aHuman rights in the UK : _ban introduction to the Human Rights Act 1998 / _cDavid Hoffman, John Rowe. |
| 250 | _a2nd ed. | ||
| 260 |
_aNew York : _bPearson Longman,2006 _c2006. |
||
| 300 |
_axxix, 412 p. : _bill. ; _c25 cm. |
||
| 504 | _aIncludes bibliographical references and index. | ||
| 610 | 1 | 0 | _aGreat Britain. |
| 650 | 0 |
_aCivil rights _zGreat Britain. |
|
| 700 | 1 |
_aRowe, John _q(John Jermyn), _d1936- |
|
| 942 |
_cBB _k342.410H6751 |
||
| 999 |
_c2622 _d2622 |
||